DRAFTING CORPORATE COMMERCIAL AGREEMENTS (Record no. 9771)

MARC details
000 -LEADER
fixed length control field 00340nam a22001457a 4500
003 - CONTROL NUMBER IDENTIFIER
control field SGT
082 ## - DEWEY DECIMAL CLASSIFICATION NUMBER
Classification number 346.66,RYD
100 ## - MAIN ENTRY--PERSONAL NAME
Personal name RYDER, RODNEY D
245 ## - TITLE STATEMENT
Title DRAFTING CORPORATE COMMERCIAL AGREEMENTS
250 ## - EDITION STATEMENT
Edition statement 2ND
260 ## - PUBLICATION, DISTRIBUTION, ETC. (IMPRINT)
Place of publication, distribution, etc NEW DELHI
Name of publisher, distributor, etc UNIVERSAL BOOKS
Year of Publication 2014
300 ## - PAGE DESCRIPTION
No. of Pages 1694
650 ## - SUBJECT ADDED ENTRY--TOPICAL TERM
Topical term or geographic name as entry element CORPORATIONS, COMPANIES
942 ## - ADDED ENTRY ELEMENTS (KOHA)
Source of classification or shelving scheme Dewey Decimal Classification
Koha item type Books
Holdings
Withdrawn status Lost status Source of classification or shelving scheme Damaged status Not for loan Collection code Home library Current library Shelving location Date acquired Vendor Name Cost, normal purchase price SGTU Bill Number Total Checkouts Full call number Accession No. (Barcode) Date last seen Bill Date Koha item type
    Dewey Decimal Classification     LAW SGT Science & Social Sciences Library SGT Science & Social Sciences Library Text Book 08/08/2016 JUPITER LAW HOUSE 1395.00 SGTU 856   346.66,RYD FL409 08/08/2016 31/10/2015 Books
    Dewey Decimal Classification   Not For Loan LAW SGT Science & Social Sciences Library SGT Science & Social Sciences Library Reference Book 08/08/2016 JUPITER LAW HOUSE 1395.00 SGTU 856   346.66,RYD FL410 08/08/2016 31/10/2015 Books